000 01540nam a22003497i 4500
999 _c23066
_d23066
003 AR-CdUCM
008 240920b20222022 peo|||| |||| 00| 0 spa d
020 _a978-612-49010-0-3
040 _aMUNICIPALIDAD PROVINCIAL DEL CUSCO
_cBIBLIOTECA MUNICIPAL DEL CUSCO
041 _hspa
082 _2Primera edición
_a635.21 / C97
_bC97
100 _a Curis Huayhua, Alipio
_950674
245 _aAraqa papas /
260 _aCusco :
_bEditorial Aguilar E.I.R.L.
_c2022
300 _a90 páginas. :
_c24.5 cm.
500 _zBibliografía: 78-80 páginas.
505 _aPrólogo -- Resumen -- Araqa papa -- Qollariynin -- ¿Qué es una papa Araqa? -- ¿Cómo es una papa Araqa? -- El ciclo de vida de las Araqa papas -- Las variedades de las Araqa papas -- La experiencia del CADEP y los campesinos -- ¿Cómo preparar las chacras para las Araqas -- ¿Como preparar las chacras para la Araqas -- ¿Cómo se siembras las Araqas? -- ¿Cómo se cosechan las Araqas?
650 _aVariedad de papa
_950542
650 _aAraqa
_950543
650 _aCiclo de vida de las Araqa papas
_950544
650 _aSiembra de papa
_950545
650 _aCosecha de papa
_950546
700 _aCuris Mayhua, Lucho
_950675
700 _aHuamani Huamani, Martina
_950548
700 _aMayhua Hanampa, Visitacion
_950676
700 _aMataqque Quispe, Beatriz
_950677
700 _aHuamani Huamani, Candy
_950551
700 _aChumbes Huamani, Celia
_950678
700 _aGómez Salcedo, Celia
_950679
942 _2ddc
_cLIBROS
945 _apbj
_d2024-09-20